Statistics for Most subscribed YouTube channels

Click here to take the quiz!

General Stats

  • This quiz has been taken 14 times
  • The average score is 9 of 20

Answer Stats

SUBSCRIBERSANSWERS% Correct
> 110MPewDiePie
100%
> 192MT-Series
92%
> 118MCocomelon
83%
> 68.8MMrBeast
83%
> 56.7MDude Perfect
58%
> 114MSET India
58%
> 81.5MWWE
50%
> 73.4M5-Minute Crafts
42%
> 83MKids Diana Show
42%
> 76.5MLike Nastya
42%
> 71.8MVlad and Niki
42%
> 65.5MBLACKPINK
25%
> 65MJustin Bieber
25%
> 76.5MZee Music Company
25%
> 57.5MBANGTANTV
17%
> 64.7MCanal KondZilla
17%
> 61MHYBE LABELS
17%
> 57MSony SAB
17%
> 59MZee TV
17%
> 58MGoldmines Telefilms
8%

Score Distribution

Percentile by Number Answered

Percent of People with Each Score

Your Score History

You have not taken this quiz